Rugby - 2017 Lions vs All Blacks - All Tryscorers in the Test Series - Statistics

General Stats
  • This quiz has been taken 76 times
  • The average score is 5 of 8
Answer Stats
Test Team Player % Correct
3 All Blacks Jordie Barrett
85%
1 Lions Sean O'Brien
73%
1 All Blacks Rieko Ioane
69%
2 Lions Conor Murray
64%
2 Lions Taulupe Faletau
63%
3 All Blacks Ngani Laumape
52%
1 All Blacks Codie Taylor
45%
1 Lions Rhys Webb
42%
No matching quizzes found
Score Distribution
Percent of People with Each Score
Percentile by Number Answered
Your Score History
You have not taken this quiz